Miasta Polski najbliżej Radzynia Podlaskiego - Statystyki

Ogólne statystyki
  • Ten quiz został rozwiązany 72 razy
  • Średni wynik to 24 z 59
Statystyki odpowiedzi
Kilometrów Miasto % Poprawnych
147 km Warszawa
96%
71,7 km Lublin
91%
58,6 km Biała Podlaska
85%
26,3 km Łuków
80%
44,0 km Lubartów
74%
69,1 km Puławy
74%
176 km Białystok
72%
55,4 km Siedlce
72%
156 km Zamość
72%
115 km Chełm
70%
27,9 km Międzyrzec Podlaski
65%
31,6 km Parczew
63%
130 km Radom
63%
80,7 km Świdnik
56%
81,7 km Włodawa
56%
170 km Biłgoraj
52%
63,2 km Dęblin
52%
120 km Kraśnik
50%
126 km Krasnystaw
50%
73,8 km Łęczna
50%
104 km Mińsk Mazowiecki
48%
131 km Bielsk Podlaski
44%
84,3 km Siemiatycze
44%
193 km Tomaszów Lubelski
44%
150 km Piaseczno
43%
163 km Pruszków
43%
103 km Garwolin
39%
85,4 km Sokołów Podlaski
39%
152 km Janów Lubelski
37%
168 km Hrubieszów
35%
92,1 km Kozienice
35%
192 km Łomża
35%
146 km Wołomin
35%
150 km Hajnówka
31%
170 km Grójec
30%
116 km Otwock
30%
171 km Legionowo
28%
181 km Sandomierz
28%
90,5 km Węgrów
28%
97,5 km Zwoleń
28%
140 km Ostrów Mazowiecka
26%
138 km Wyszków
26%
165 km Zambrów
26%
190 km Grodzisk Mazowiecki
24%
182 km Ostrołęka
24%
173 km Stalowa Wola
20%
181 km Nowy Dwór Mazowiecki
19%
197 km Żyrardów
19%
154 km Ostrowiec Świętokrzyski
17%
172 km Skarżysko Kamienna
17%
159 km Starachowice
17%
197 km Tarnobrzeg
17%
184 km Nisko
15%
156 km Łapy
13%
166 km Pułtusk
11%
184 km Wasilków
11%
196 km Końskie
9%
195 km Maków Mazowiecki
4%
197 km Opoczno
4%
Nie znaleziono quizów pasujących do podanych kryteriów
Rozkład punktacji
Procent ludzi z każdym wynikiem
Percentyl według liczby udzielonych odpowiedzi
Twoja historia wyników
Nie rozwiązałeś tego quizu